<?xml version="1.0" encoding="UTF-8"?><?xml-stylesheet type="text/xsl" href="static/style.xsl"?><OAI-PMH xmlns="http://www.openarchives.org/OAI/2.0/" xmlns:xsi="http://www.w3.org/2001/XMLSchema-instance" xsi:schemaLocation="http://www.openarchives.org/OAI/2.0/ http://www.openarchives.org/OAI/2.0/OAI-PMH.xsd"><responseDate>2026-04-13T01:00:49Z</responseDate><request verb="GetRecord" identifier="oai:www.recercat.cat:2072/232893" metadataPrefix="marc">https://recercat.cat/oai/request</request><GetRecord><record><header><identifier>oai:recercat.cat:2072/232893</identifier><datestamp>2024-12-11T22:20:56Z</datestamp><setSpec>com_2072_5165</setSpec><setSpec>com_2072_5163</setSpec><setSpec>col_2072_5170</setSpec></header><metadata><record xmlns="http://www.loc.gov/MARC21/slim" xmlns:dcterms="http://purl.org/dc/terms/" xmlns:xsi="http://www.w3.org/2001/XMLSchema-instance" xmlns:doc="http://www.lyncode.com/xoai" xsi:schemaLocation="http://www.loc.gov/MARC21/slim http://www.loc.gov/standards/marcxml/schema/MARC21slim.xsd">
   <leader>00925njm 22002777a 4500</leader>
   <datafield ind2=" " ind1=" " tag="042">
      <subfield code="a">dc</subfield>
   </datafield>
   <datafield ind2=" " ind1=" " tag="720">
      <subfield code="a">Pijoan Martí, Toni</subfield>
      <subfield code="e">author</subfield>
   </datafield>
   <datafield ind2=" " ind1=" " tag="260">
      <subfield code="c">2014-06-12</subfield>
   </datafield>
   <datafield ind2=" " ind1=" " tag="520">
      <subfield code="a">En aquest treball s’analitza el Pla Estratègic (2013-2017) del grup Tubacex. L’objectiu és verificar si es compleix el contingut del Pla Estratègic, especialment doblar el valor de l’empresa en cinc anys.&#xd;
El treball es divideix en dues parts. A la primera s’efectua l’anàlisi estratègica de l’empresa que és essencial per tal de poder calcular les projeccions financeres i a la segona s’explica el contingut del Pla Estrategic i es veu quin és el seu grau de compliment pel que fa a l’objectiu més important.</subfield>
   </datafield>
   <datafield ind1="8" ind2=" " tag="024">
      <subfield code="a">http://hdl.handle.net/2072/232893</subfield>
   </datafield>
   <datafield ind2="0" ind1="0" tag="245">
      <subfield code="a">Tubacex’s strategic plan (2013-2017): A reviewer analysis</subfield>
   </datafield>
</record></metadata></record></GetRecord></OAI-PMH>